Hispanoamérica 1750-1850 : (Registro nro. 6259)

Detalles MARC
000 -LEADER
fixed length control field 01139nam a2200241Ia 4500
003 - CONTROL NUMBER IDENTIFIER
control field OSt
005 - DATE AND TIME OF LATEST TRANSACTION
control field 20201013164634.0
008 - FIXED-LENGTH DATA ELEMENTS--GENERAL INFORMATION
fixed length control field 191128s1987 ck gr 000 0dspa d
020 ## - INTERNATIONAL STANDARD BOOK NUMBER
International Standard Book Number 9581700234
040 ## - CATALOGING SOURCE
Original cataloging agency CO-JMCR
Transcribing agency CO-JMCR
041 0# - LANGUAGE CODE
Language code of text/sound track or separate title spa
082 04 - DEWEY DECIMAL CLASSIFICATION NUMBER
Classification number 980.02 /
Item number L951h
Edition number 23
100 1# - MAIN ENTRY--PERSONAL NAME
Personal name Lynch, John,
Relator term autor
9 (RLIN) 11444
245 10 - TITLE STATEMENT
Title Hispanoamérica 1750-1850 :
Remainder of title ensayos sobre la Sociedad y el Estado /
Statement of responsibility, etc. John Lynch ; traducción, Magdalena Holguín
250 ## - EDITION STATEMENT
Edition statement 1a. edición
260 ## - PUBLICATION, DISTRIBUTION, ETC.
Place of publication, distribution, etc. Bogotá :
Name of publisher, distributor, etc. Universidad Nacional de Colombia,
Date of publication, distribution, etc. 1987
300 ## - PHYSICAL DESCRIPTION
Extent 128 páginas ;
Dimensions 20 cm.
500 ## - GENERAL NOTE
General note Incluye notas a pie de página y datos biográficos del autor en contraportada.
505 0# - FORMATTED CONTENTS NOTE
Formatted contents note Las reformas borbónicas y la reacción en Hispanoamérica 1765-1810 -- Ensayo bibliográfico -- El pensamiento político de la ilustración y su influencia en la independencia hispanoamericana -- Los caudillos de la independencia: enemigos y agentes del Estado Na
651 #4 - SUBJECT ADDED ENTRY--GEOGRAPHIC NAME
Geographic name América Latina
Form subdivision ensayos, conferencias, etc.
General subdivision política y Gobierno
Chronological subdivision 1750-1850
9 (RLIN) 11445
700 1# - ADDED ENTRY--PERSONAL NAME
Personal name Holguín Magdalena,
Relator term traductora
9 (RLIN) 6757
942 ## - ADDED ENTRY ELEMENTS (KOHA)
Source of classification or shelving scheme Dewey Decimal Classification
Koha item type Books
Existencias
Withdrawn status Lost status Source of classification or shelving scheme Damaged status Not for loan Collection code Home library Current library Date acquired Source of acquisition Full call number Barcode Date last seen Copy number Koha item type
    Dewey Decimal Classification     Non-fiction Biblioteca Pública José María del Castillo y Rada Biblioteca Pública José María del Castillo y Rada 04/15/2018 Donación 980.02 / L951h 430012280 05/16/2024 Ej.1 Books